000 00500nam a2200193Ia 4500
005 20230110113636.0
008 131103s9999 xx 000 0 und d
040 _aLoreto College
041 _aEnglish
082 _a813.54
_bUPD
100 _aUpdike,John
245 4 _aThe Centaur
_cJohn Updike
260 _aHarmondsworth
_bPenguin Books
_c1966 (1970 printing)
300 _a272 p.
504 _aIncludes index
650 _aAmerican Fiction - 20th Century
850 _aLCLIB
942 _cBK
999 _c12085
_d62564